LEADER 01314nam 2200409 450 001 9910555067003321 005 20211221083250.0 010 $a0-89118-611-5 035 $a(CKB)3810000000041628 035 $a(WaSeSS)IndRDA00111572 035 $a(EXLCZ)993810000000041628 100 $a20190321d2004 uy 0 101 0 $aeng 135 $aur||||||||||| 181 $ctxt$2rdacontent 182 $cc$2rdamedia 183 $acr$2rdacarrier 200 00$aChallenges and strategies for dryland agriculture /$fSrinivas C. Rao and John Ryan, co-editors 210 1$aMadison, Wisconsin :$cCrop Science Society of America :$cAmerican Society of Agronomy,$d2004. 215 $a1 online resource (xxi, 434 pages) 225 1 $aCSSA Special Publication ;$v32 311 $a0-89118-554-2 410 0$aCSSA special publication ;$v32. 606 $aArid regions agriculture 606 $aDry farming 608 $aElectronic books. 615 0$aArid regions agriculture. 615 0$aDry farming. 676 $a630.9154 702 $aRao$b Srinivas C$g(Srinivas Chamkurgopal),$f1940- 702 $aRyan$b John 801 0$bWaSeSS 801 1$bWaSeSS 906 $aBOOK 912 $a9910555067003321 996 $aChallenges and strategies for dryland agriculture$92816588 997 $aUNINA LEADER 01107nam a2200289 i 4500 001 991000199179707536 008 031230s2002 it a 001 0 ita 020 $a8843582593 035 $ab12583522-39ule_inst 040 $aBiblioteca Interfacoltà$bita 082 04$a704.9484 100 1 $aZuffi, Stefano$0290108 245 10$aEpisodi e personaggi del Vangelo /$cStefano Zuffi 250 $aRist 260 $aMilano :$bElecta,$c2002,$gstampa 2003 300 $a384 p. :$bill. ;$c20 cm 440 2$aI dizionari dell'arte 500 $aContiene indici 630 04$aBibbia.$pNuovo Testamento.$pVangeli$xIconografia 907 $a.b12583522$b02-04-14$c30-12-03 912 $a991000199179707536 945 $aLE019 A21 AR C 30$g1$i2019000011297$lle019$op$pE0.00$q-$rl$s- $t0$u1$v1$w1$x0$y.i13074465$z09-02-04 945 $aLE002 SB 704.94 DIZ 945 $aLE002 Enc. Ar. 51/003$g1$i2002000256201$lle002$o-$pE0.00$q-$rn$so $t0$u0$v0$w0$x0$y.i13049124$z30-12-03 996 $aEpisodi e personaggi del Vangelo$9252709 997 $aUNISALENTO 998 $ale019$ale002$b30-12-03$cm$da $e-$fita$git $h0$i2